| 000 | 00651nam a22002177a 4500 | ||
|---|---|---|---|
| 999 |
_c14570 _d14570 |
||
| 003 | AR-CdUCM | ||
| 008 | 190423b ||||| |||| 00| 0 spa d | ||
| 020 | _a978-612-305-097-9 | ||
| 040 |
_aMUNICIPALIDAD PROVINCIAL DEL CUSCO _cBIBLIOTECA MUNICIPAL DEL CUSCO |
||
| 082 |
_22ed. _aEP / 808.06 / _bW34 |
||
| 100 |
_aWatanabe, José _917790 |
||
| 245 | _aUn perro muy raro / | ||
| 260 |
_aLima : _bNavarrete,, _c2017. |
||
| 300 |
_c24 cm. _bIlustrado |
||
| 500 | _aEl texto no cuenta con numero de página. | ||
| 650 |
_aHistoria _951617 |
||
| 650 |
_aCuento _94671 |
||
| 650 |
_aIlustrado _927920 |
||
| 942 |
_2ddc _cLIBROS |
||
| 945 |
_arah _d23/04/2019 |
||